Photosynthesis and production in a changing environment : A field and laboratory manual (Record no. 40847)

MARC details
000 -LEADER
fixed length control field 00526nam a2200181Ia 4500
082 ## - DEWEY DECIMAL CLASSIFICATION NUMBER
Classification number 581.132:581.5
Item number HAL
245 #0 - TITLE STATEMENT
Title Photosynthesis and production in a changing environment : A field and laboratory manual
260 ## - PUBLICATION, DISTRIBUTION, ETC. (IMPRINT)
Place of publication London
Name of publisher Chapman and Hall
Year of publication 1993
650 ## - SUBJECT ADDED ENTRY--TOPICAL TERM
Topical Term Canopy modelling
650 ## - SUBJECT ADDED ENTRY--TOPICAL TERM
Topical Term Growth analysis
650 ## - SUBJECT ADDED ENTRY--TOPICAL TERM
Topical Term Microclimate
650 ## - SUBJECT ADDED ENTRY--TOPICAL TERM
Topical Term Plant biomass
650 ## - SUBJECT ADDED ENTRY--TOPICAL TERM
Topical Term Remote sensing
650 ## - SUBJECT ADDED ENTRY--TOPICAL TERM
Topical Term Water relations
700 ## - ADDED ENTRY--PERSONAL NAME
Personal name Hall, D O
942 ## - ADDED ENTRY ELEMENTS (KOHA)
Koha item type Books
Holdings
Withdrawn status Lost status Damaged status Not for loan Home library Current library Date acquired Cost, normal purchase price Full call number Accession Number Koha item type
        RRII Library RRII Library 16/12/2021 24.99 581.132:581.5 HAL 21141 Books